Innovation and incentives (Record no. 215451)

MARC details
000 -LEADER
fixed length control field 00705nam a2200241Ia 4500
008 - FIXED-LENGTH DATA ELEMENTS--GENERAL INFORMATION
fixed length control field 191130s2004##################000#0#eng##
020 ## - INTERNATIONAL STANDARD BOOK NUMBER
ISBN 9780262693431
082 ## - DEWEY DECIMAL CLASSIFICATION NUMBER
Classification number 338.064 SUZ
100 ## - MAIN ENTRY--AUTHOR NAME
Personal name Scotchmer, Suzanne
245 ## - TITLE STATEMENT
Title Innovation and incentives
Statement of responsibility, etc Suzanne Scotchmer
260 ## - PUBLICATION, DISTRIBUTION, ETC. (IMPRINT)
Place of publication Cambridge, MA
Name of publisher MIT Press
Year of publication c2004
300 ## - PHYSICAL DESCRIPTION
Number of Pages xi, 357 p. : ill. ; 24 cm
500 ## - GENERAL NOTE
General note Includes bibliographical references and index
650 ## - SUBJECT ADDED ENTRY--TOPICAL TERM
Topical Term Intellectual property
Topical Term Research
Topical Term Research - Economic aspects
Topical Term Research - Finance
991 ## -
-- 168542
Holdings
Withdrawn status Lost status Damaged status Not for loan Home library Current library Shelving location Date acquired Full call number Accession Number Price effective from Koha item type
        Anna Centenary Library Anna Centenary Library 4TH FLOOR, A WING 13.10.2020 338.064 SUZ 462407 13.10.2020 English Books

Find us on the map